=LDR 00000nam 2200000 4500 =001 INLIS000000000047662 =005 20160204101735.0 =006 =007 =008 =020 ##$$a 978.979.543.929-5 =035 ##$$0010-021600000000050 =040 ##$$a NBPDMAT =082 ##$$a 540.4 =090 ##$$a 540.4 $bYay k =100 ##$$a Yayan Sunarya =245 ##$$a Kimia dasar I / Yayan Sunarya =250 ##$$a Cet. 2 =260 ##$$a Bandung $b Irama Widya $c 2010 =300 ##$$a xiv, 546 hlm. ; 24 cm =500 ##$$a Bibliografi hlm : 546 =650 ##$$a Kimia =850 ##$$a NBPDMAT =990 ##$$a 51500625 =990 ##$$a 51500625/BPAP-NTB/2016